| 000 | 00778nam a2200289 i 4500 | ||
|---|---|---|---|
| 001 | 4096136 | ||
| 003 | OSt | ||
| 005 | 20140310182011.0 | ||
| 008 | 750623s1975 nyua j 000 1 eng | ||
| 010 | _a 74010463 | ||
| 020 |
_a0448089548 _c$1.95 |
||
| 040 |
_aDLC _cDLC _dDLC |
||
| 042 | _alcac | ||
| 050 | 0 | 0 |
_aPZ 7 _b.D621 1975 |
| 082 | 0 | 0 |
_aKF _bD64hh 1959 |
| 100 | 1 |
_aDixon, Franklin W. _94201 |
|
| 245 | 1 | 4 |
_aThe mysterious caravan / _cFranklin W. Dixon |
| 260 |
_aNew York : _bGrosset & Dunlap, _cc1975. |
||
| 300 |
_a182 p. _bill. ; _c20 cm. |
||
| 490 | 0 | _aHardy boys mystery stories ; 54 | |
| 541 | _j1 | ||
| 541 | _j2 | ||
| 562 | _e2 | ||
| 650 | 1 |
_aFiciton _93716 |
|
| 906 |
_a7 _bcbc _corignew _d3 _eocip _f19 _gy-gencatlg |
||
| 942 |
_2lcc _cBK-KF _kKF |
||
| 999 |
_c8137 _d8137 |
||